| 000 | 01655nam a2200421Ia 4500 | ||
|---|---|---|---|
| 001 | ebr10667153 | ||
| 003 | CaPaEBR | ||
| 006 | m u | ||
| 007 | cr cn||||||||| | ||
| 008 | 120928s2013 nyua sb 001 0 eng d | ||
| 010 | _z 2012039414 | ||
| 020 | _z1441135286 (pbk.) | ||
| 020 | _z1441138498 (ebook (epub)) | ||
| 020 | _z1441168478 (ebook (pdf)) | ||
| 020 | _z1441172769 (hardback) | ||
| 020 | _z9781441135285 (pbk.) | ||
| 020 | _z9781441138491 (ebook (epub)) | ||
| 020 | _z9781441168474 (ebook (pdf)) | ||
| 020 | _z9781441172761 (hardback) | ||
| 040 |
_aCaPaEBR _cCaPaEBR |
||
| 035 | _a(OCoLC)829704724 | ||
| 050 | 1 | 4 |
_aPN6725 _b.B56 2013eb |
| 082 | 0 | 4 |
_a741.5/973 _223 |
| 245 | 0 | 0 |
_aBlack comics _h[electronic resource] : _bpolitics of race and representation / _cedited by Sheena C. Howard and Ronald L. Jackson II. |
| 260 |
_aNew York : _bBloomsbury Academic, _c2013. |
||
| 300 |
_axiii, 267 p. : _bill. |
||
| 504 | _aIncludes bibliographical references and index. | ||
| 533 |
_aElectronic reproduction. _bPalo Alto, Calif. : _cebrary, _d2013. _nAvailable via World Wide Web. _nAccess may be limited to ebrary affiliated libraries. |
||
| 650 | 0 |
_aComic books, strips, etc. _xSocial aspects _zUnited States. |
|
| 650 | 0 | _aAfrican American cartoonists. | |
| 650 | 0 | _aAfrican Americans in popular culture. | |
| 650 | 0 | _aRace in literature. | |
| 655 | 7 |
_aElectronic books. _2local |
|
| 700 | 1 | _aHoward, Sheena C. | |
| 700 | 1 |
_aJackson, Ronald L., _d1970- |
|
| 710 | 2 | _aebrary, Inc. | |
| 856 | 4 | 0 |
_uhttp://site.ebrary.com/lib/rucke/Doc?id=10667153 _zAn electronic book accessible through the World Wide Web; click to view |
| 999 |
_c61329 _d61329 |
||